| 000 | 00504nam a2200205 a 4500 | ||
|---|---|---|---|
| 001 | 12112 | ||
| 003 | CO-ViMGA | ||
| 005 | 20230915230353.0 | ||
| 008 | 141112s2004 ck r 000 u spa d | ||
| 020 | _a9583600393 | ||
| 040 |
_aCO-ViMGA _bspa _cCO-ViMGA |
||
| 082 | 0 | 4 | _aCo863.42 R48 |
| 100 | 1 |
_aRivera, Jose Eustasio _93021 |
|
| 245 | 1 | 0 | _aLa Voragine |
| 250 | _a2a. | ||
| 260 |
_aBogotá, _cEl Ancora Editores, _c1997 |
||
| 300 | _a294 p. | ||
| 650 | 1 | 4 |
_aNOVELA COLOMBIANA _9588 |
| 942 |
_2ddc _cBK |
||
| 999 |
_c23152 _d23152 |
||